| 000 | 00402nam a2200157Ia 4500 | ||
|---|---|---|---|
| 008 | 231217s9999 xx 000 0 und d | ||
| 041 | _aEnglish | ||
| 082 | _a621.4 WRA | ||
| 100 | _aWrangham, D A | ||
| 245 | 0 | _aTheory and practice of heat engines | |
| 250 | _a2nd ed | ||
| 260 |
_c1948 _bCambridge University Press _aLondon |
||
| 300 | _axii+872 | ||
| 650 | _aTheory,heat,engines | ||
| 942 | _cAA | ||
| 999 |
_c171361 _d171361 |
||